000 00654nam a2200229 a 4500
001 34329
003 BD-RjUL
005 20211209052137.0
008 140515s1964 e 000 0 eng d
035 _a(BD-RjUL)
040 _aBD-RjUL
_beng
_cBD-RjUL
_dBD-RjUL
041 _aeng
082 _aKHS 1964
_b297.6
100 0 _a Khan, Inayat
_d1882-1927.
_998433
245 1 4 _aThe sufi message and the sufi movement /
_cHazrat Inayat Khan.
260 _aDelhi :
_bMotilal Banarsidass,
_c1964.
300 _a47 p. ;
_c22 cm.
650 0 _aSufism.
_9104392
650 0 _aMysticism
_xIslam.
_962775
650 0 _aIslamic philosophy.
_9104393
942 _2ddc
_cBK
999 _c34329
_d34329